Sketch like an architect : advanced techniques (Record no. 12305)

000 -LEADER
fixed length control field 00372 a2200145 4500
003 - CONTROL NUMBER IDENTIFIER
control field OSt
005 - DATE AND TIME OF LATEST TRANSACTION
control field 20240117125239.0
008 - FIXED-LENGTH DATA ELEMENTS--GENERAL INFORMATION
fixed length control field 240117b ||||| |||| 00| 0 eng d
020 ## - INTERNATIONAL STANDARD BOOK NUMBER
International Standard Book Number 9788090762831
082 ## - DEWEY DECIMAL CLASSIFICATION NUMBER
Classification number 745.2
Item number DRA
100 ## - MAIN ENTRY--PERSONAL NAME
Personal name Drazil, David
245 ## - TITLE STATEMENT
Title Sketch like an architect : advanced techniques
260 ## - PUBLICATION, DISTRIBUTION, ETC. (IMPRINT)
Name of publisher, distributor, etc Sketch Like an Architect
Date of publication, distribution, etc 2021
942 ## - ADDED ENTRY ELEMENTS (KOHA)
Source of classification or shelving scheme
Holdings
Withdrawn status Lost status Source of classification or shelving scheme Damaged status Koha normalized classification for sorting Not for loan Permanent location Current location Date acquired Source of acquisition Cost, normal purchase price Total Checkouts Full call number Barcode Date last seen Date last borrowed Cost, replacement price Price effective from Koha item type
        745_200000000000000_DRA   BMS College of Architecture, Design and Planning BMS College of Architecture, Design and Planning 2024-01-17 1 2845.50 1 745.2 DRA AR-UG3589 2025-06-30 2025-05-16 3794.00 2024-01-17 UG Books
Copyright © 2025, The Librarian, Library and Information Centre, BMSCA D&P, Bengaluru. All Rights Reserved
web counter

Powered by Koha